00595nam a22001697a 450000500170000001000260001702000260004303500230006903700130009208200140010510000230011924501140014226000310025627000830028730000280037070000270039820230530150603.0 aENG-110895 ENG-137060 a9789351432364c995.00 aEN-94427 EN-120592 bDBAD/PUB a343.54052 aBagmar,Sandeep R. aMaster guide to income tax /cby Sandeep Bagmar R. [and] Sunny Kishore Bilaney; foreworded by Arvind P. Datar aGurgaonbLexis Nexisc2014 a14th Floor, Building No.10, Tower-B, DLF Cyber City, Phase-IIbGurgaone122002 alviii,587p. c24cm(pbk) aBilaney, Sunny Kishore